000 00735nam a2200241Ia 4500
003 OSt
005 20230724101826.0
008 210716s2001 xx 000 0 und d
020 _a8174462481
040 _cAIMIT LIBRARY
041 _aeng
082 _a005.065
_21
_bSINA
100 _aSinghal, Alok.
_9128170
245 _aBusiness systems /
_cBy Alok Singhal.
250 _a1st ed.
260 _aNew Delhi :
_bExcel Books ,
_c2001.
300 _aviii,435p. ;
_bPB
_c23 cm.
650 _aBusiness data processing
_9128171
650 _aCreating and displaying database
_9128172
650 _aMemory variables and functions
_9128173
650 _aReports and label generation
_9128174
942 _2ddc
_cBK
_e1st ed.
_k005.065 SINA
999 _c184984
_d184984